Strategic information management: challenges and strategies in managing information systems

Saved in:
Bibliographic Details
Main Authors: Galliers, Robert D (Author), Leidner, Dorothy E (Author)
Format: Book
Language:English
Published: Amsterdam Elsevier 2003
Edition:3a. ed
Subjects:
Tags: Add Tag
No Tags, Be the first to tag this record!

MARC

LEADER 00000nam a2200000 a 4500
001 UCK6517
003 CL-VaPUC
008 051007e20030000NE |||||||||||||||||eng|d
020 |a 0750656190 
082 0 4 |a 658.403  |b GAL  |2 21 
100 0 |a Galliers, Robert D  |e author  |9 495864 
700 0 |a Leidner, Dorothy E  |e author  |9 495865 
245 1 0 |a Strategic information management: challenges and strategies in managing information systems 
250 |a 3a. ed 
300 |a 625 p 
942 |c BK 
945 |d 20051007 00:00:00  |a cmena 
260 |a Amsterdam  |b Elsevier  |c 2003 
650 0 |a Planificación estratégica   |9 259735 
650 0 |a Gestión de la información   |9 362327 
650 0 |a Toma de decisiones   |9 257530 
583 |a last modification  |c 20051007 00:00:00  |k Rodrigo Vera 
999 |c 314798  |d 314796 
952 |0 0  |1 0  |4 0  |6 658_403000000000000_GAL_2003  |7 0  |8 A  |9 387535  |a BIBING  |b BIBING  |d 2019-11-22  |i 4171829  |o 658.403 GAL 2003  |p 4171829  |r 2025-01-20  |w 2019-11-22  |y BK  |k EII